La Iglesia en el mundo de hoy (Record no. 184085)
[ view plain ]
| 000 -LEADER | |
|---|---|
| campo de control de longitud fija | 01173nam a2200277 i 4500 |
| 001 - NÚMERO DE CONTROL | |
| campo de control | 184085 |
| 003 - IDENTIFICADOR DE NÚMERO DE CONTROL | |
| campo de control | ES-MaACL |
| 005 - FECHA Y HORA DE LA ÚLTIMA TRANSACCIÓN | |
| campo de control | 20251001203308.0 |
| 008 - DATOS DE LONGITUD FIJA--INFORMACIÓN GENERAL | |
| campo de control de longitud fija | 150312s1970 sp |||| | spa d |
| 080 ## - NÚMERO DE LA CLASIFICACIÓN DECIMAL UNIVERSAL | |
| Número de la Clasificación Decimal Universal | 26:262.5 Vat.II |
| 111 2# - ENTRADA PRINCIPAL--NOMBRE DE CONGRESO/REUNIÓN | |
| Nombre de congreso/reunión o jurisdicción como elemento de entrada | Concilio Vaticano ( |
| Número del congreso/reunión o número de parte o sección | 2º. |
| Fecha del congreso o de la firma del tratado | 1962-1965) |
| 9 (RLIN) | 122 |
| 245 13 - MENCIÓN DEL TÍTULO | |
| Título | La Iglesia en el mundo de hoy |
| Resto del título | : Constitución pastoral "Gaudium et Spes" / |
| Mención de responsabilidad, etc. | [obra colectiva publicada bajo la dirección de Y.M.-J. Congar y M. Peuchmaurd]. |
| 246 3# - FORMA VARIANTE DEL TITULO | |
| Título propio/Titulo breve | Gaudium et Spes |
| 260 ## - PUBLICACIÓN, DISTRIBUCIÓN, ETC. | |
| Lugar de publicación, distribución, etc. | Madrid : |
| Nombre del editor, distribuidor, etc. | Taurus, |
| Fecha de publicación, distribución, etc. | [1970] |
| 300 ## - DESCRIPCIÓN FÍSICA | |
| Extensión | 3 v. ; |
| Dimensiones | 22 cm. |
| 490 1# - MENCIÓN DE SERIE | |
| Mención de serie | Vaticano II ; |
| Designación de volumen o secuencia | 5-7 |
| 505 8# - NOTA DE CONTENIDO CON FORMATO | |
| Nota de contenido con formato | Contiene: I ; |
| Título | Historia de los textos / |
| Mención de responsabilidad | por Mons. Philippe Delhaye( |
| Información miscelánea | . Texto latino y traducción castellana)( |
| -- | , 316 p. - II) ; |
| Título | Comentarios( |
| Información miscelánea | , 778 p. - III) ; |
| Título | Reflexiones y perspectivas( |
| Información miscelánea | , 260 p.) |
| 594 ## - Nota al título y mención de responsabilidad | |
| Nota al título y mención de responsabilidad | Mención de responsabilidad tomada de los v. 2 y 3. |
| 650 17 - PUNTO DE ACCESO ADICIONAL DE MATERIA--TÉRMINO DE MATERIA | |
| Término de materia o nombre geográfico como elemento de entrada | Iglesia y mundo. |
| 9 (RLIN) | 136257 |
| 700 1# - ENTRADA AGREGADA--NOMBRE PERSONAL | |
| Nombre de persona | Congar, Yves, |
| Fechas asociadas al nombre | 1904-1995 |
| 9 (RLIN) | 40170 |
| 700 1# - ENTRADA AGREGADA--NOMBRE PERSONAL | |
| Nombre de persona | Peuchmaurd, M. |
| Títulos y otros términos asociados al nombre | O.P. |
| 9 (RLIN) | 156550 |
| 700 1# - ENTRADA AGREGADA--NOMBRE PERSONAL | |
| Nombre de persona | Delhaye, Philippe. |
| 9 (RLIN) | 43501 |
| 830 0# - PUNTO DE ACCESO ADICIONAL DE SERIE-TÍTULO UNIFORME | |
| Título uniforme | Vaticano II ; |
| Designación de volumen o secuencia | 5-7 |
| 9 (RLIN) | 192023 |
| 852 ## - LOCALIZACIÓN | |
| Ubicación | ES-MaACL |
| Número de control de estantería | E-15478-80 |
| Estatus retirado | Estado de pérdida | Estado de daño | No para préstamo | Biblioteca de origen | Biblioteca actual | Ubicación en estantería | Fecha de adquisición | Fuente de adquisición | Total de préstamos | Signatura topográfica completa | Código de barras | Visto por última vez | Precio de reemplazo | Tipo de ítem Koha |
|---|---|---|---|---|---|---|---|---|---|---|---|---|---|---|
| Biblioteca del Ateneo de Madrid | Biblioteca del Ateneo de Madrid | Depósito 2 | 12/03/2015 | E-15478-80 | 1193596 | 23/02/2023 | 23/02/2023 | Libro impreso |
